<?xml version="1.0" encoding="UTF-8"?>
<record
    xmlns:xsi="http://www.w3.org/2001/XMLSchema-instance"
    xsi:schemaLocation="http://www.loc.gov/MARC21/slim http://www.loc.gov/standards/marcxml/schema/MARC21slim.xsd"
    xmlns="http://www.loc.gov/MARC21/slim">

  <leader>00842nam a2200133   4500</leader>
  <controlfield tag="008">240228b        |||||||| |||| 00| 0 eng d</controlfield>
  <datafield tag="082" ind1=" " ind2=" ">
    <subfield code="a">305.42</subfield>
    <subfield code="b">VIV</subfield>
  </datafield>
  <datafield tag="245" ind1=" " ind2=" ">
    <subfield code="a">&#xBB5;&#xBBF;&#xBB5;&#xBB0;&#xBA3;&#xBAA;&#xBCD; &#xBAA;&#xBA4;&#xBCD;&#xBA4;&#xBBF;&#xBB0;&#xBAE;&#xBCD;- &#xBAE;&#xBB1;&#xBC8;&#xB95;&#xBCD;&#xB95;&#xBAA;&#xBCD;&#xBAA;&#xB9F;&#xBCD;&#xB9F; &#xB89;&#xBA3;&#xBCD;&#xBAE;&#xBC8; : </subfield>
    <subfield code="b">&#xBAA;&#xBC1;&#xBA4;&#xBCD;&#xBA4;&#xBB3;&#xBAE;&#xBCD; &#xBAE;&#xBB1;&#xBCD;&#xBB1;&#xBC1;&#xBAE;&#xBCD; &#xBAE;&#xB9F;&#xBCD;&#xB9F;&#xB95;&#xBCD;&#xB95;&#xBB3;&#xBAA;&#xBCD;&#xBAA;&#xBBF;&#xBB2;&#xBCD; &#xB89;&#xBB3;&#xBCD;&#xBB3; &#xB95;&#xBBE;&#xB9A;&#xBBF; &#xBA8;&#xBC0;&#xBA4;&#xBBF;&#xBAE;&#xBA9;&#xBCD;&#xBB1;&#xB99;&#xBCD;&#xB95;&#xBB3;&#xBBF;&#xBB2;&#xBCD; &#xBAE;&#xBC1;&#xBB8;&#xBCD;&#xBB2;&#xBBF;&#xBAE;&#xBCD; &#xBAA;&#xBC6;&#xBA3;&#xBCD;&#xB95;&#xBB3;&#xBC1;&#xB95;&#xBCD;&#xB95;&#xBC1; &#xBAA;&#xBBE;&#xBB0;&#xBAA;&#xB9F;&#xBCD;&#xB9A;&#xB99;&#xBCD;&#xB95;&#xBB3;&#xBCD;</subfield>
  </datafield>
  <datafield tag="246" ind1=" " ind2=" ">
    <subfield code="a">Vivara&#x1E47;ap pattiram- Ma&#x1E5F;aikkappa&#x1E6D;&#x1E6D;a u&#x1E47;mai: </subfield>
    <subfield code="b">Putta&#x1E37;am ma&#x1E5F;&#x1E5F;um ma&#x1E6D;&#x1E6D;akka&#x1E37;appil u&#x1E37;&#x1E37;a kazi n&#x12B;tima&#x1E49;&#x1E5F;a&#x1E45;ka&#x1E37;il muslim pe&#x1E47;ka&#x1E37;ukku p&#x101;rapa&#x1E6D;ca&#x1E45;ka&#x1E37;</subfield>
  </datafield>
  <datafield tag="260" ind1=" " ind2=" ">
    <subfield code="a">Colombo : </subfield>
    <subfield code="b">Fokus women, </subfield>
    <subfield code="c">2016</subfield>
  </datafield>
  <datafield tag="300" ind1=" " ind2=" ">
    <subfield code="a">46 p.</subfield>
  </datafield>
  <datafield tag="650" ind1=" " ind2=" ">
    <subfield code="a">DISCRIMINATION AGAINST WOMEN</subfield>
  </datafield>
  <datafield tag="942" ind1=" " ind2=" ">
    <subfield code="c">RP</subfield>
  </datafield>
  <datafield tag="952" ind1=" " ind2=" ">
    <subfield code="0">0</subfield>
    <subfield code="1">0</subfield>
    <subfield code="2">ddc</subfield>
    <subfield code="4">0</subfield>
    <subfield code="7">0</subfield>
    <subfield code="a">MAIN</subfield>
    <subfield code="b">MAIN</subfield>
    <subfield code="d">2024-02-28</subfield>
    <subfield code="l">0</subfield>
    <subfield code="o">305.42 VIV</subfield>
    <subfield code="p">RAF5123</subfield>
    <subfield code="r">2024-02-28</subfield>
    <subfield code="w">2024-02-28</subfield>
    <subfield code="y">RP</subfield>
  </datafield>
  <datafield tag="999" ind1=" " ind2=" ">
    <subfield code="c">4826</subfield>
    <subfield code="d">4826</subfield>
  </datafield>
</record>
